| 000 | 00696nam a2200193Ia 4500 | ||
|---|---|---|---|
| 008 | 191130s1995##################000#0#eng## | ||
| 020 | _a9780521558365 | ||
| 040 |
_aACL _cACL |
||
| 082 | _a331.91009 LOW | ||
| 100 | _aLowi, Miriam R | ||
| 245 |
_aWater and power : the politics of a scarce resource in the Jordan river basin _cMiriam R. Lowi |
||
| 260 |
_aCambridge _bCambridge University Press _c1995 |
||
| 300 | _axix, 291 p. : ill., maps ; 24 cm | ||
| 500 | _aIncludes bibliographical references and index | ||
| 650 | _aWater resources development -- Jordan River Region -- International cooperation | ||
| 990 | _a38b2f1a7ac10000c363def338f093bf3 | ||
| 991 | _a154813 | ||
| 999 |
_c92771 _d92771 |
||